Statistiques concernant Quiz voiture: Supercars/Hypercars #6

Cliquez ici pour prendre le quiz!

Statistiques générales

  • Ce quiz a été pris 222 fois
  • Le résultat moyen est 8 sur 16

Statistiques - réponses

Réponse% Correct
BMW M2
85%
Mercedes SLS
78%
Ferrari Roma
69%
Porsche Carrera GT
69%
Honda NSX
67%
Chevrolet Corvette C8
63%
Ferrari California
58%
Aston Martin DB9
57%
Lotus Exige
57%
Lotus Evora
38%
Hennessey Venom
36%
Aston Martin V12 Vantage
33%
Aston Martin V12 Zagato
32%
Noble M600
21%
Nissan R390 GT1
20%
SSC Ultimate Aero GT
11%

Distribution des résultats

Percentile par nombre de réponses

% des personnes avec chaque résultat

Votre développement - résultats

Vous n’avez pas pris ce quiz